Model výnimočnosti EFQM vo Francúzskej pošte

Model EFQM nástroj pre integráciu existujúcich procesov zameraných na spokojnosť zákazníkov. Európske spoločenstvo Postal Community pre používanie EFQM. Použitie, prístup a adaptabilita Modelu EFQM. Integrácia a synergia modelov EFQM a ISO a metodika IiP. Vedenie a kľúčové výsledky výkonnosti.

Salvato in:
Dettagli Bibliografici
Natura: Capitolo di libro
Lingua:slovacco
Soggetti:
Tags: Aggiungi Tag
Nessun Tag, puoi essere il primo ad aggiungerne!!

MARC

LEADER 00000naa$a2200000$$$4500
001 0101447
005 20231012070155.2
041 0 |a slo 
044 |a SK 
245 1 0 |a Model výnimočnosti EFQM vo Francúzskej pošte 
520 |a Model EFQM nástroj pre integráciu existujúcich procesov zameraných na spokojnosť zákazníkov. Európske spoločenstvo Postal Community pre používanie EFQM. Použitie, prístup a adaptabilita Modelu EFQM. Integrácia a synergia modelov EFQM a ISO a metodika IiP. Vedenie a kľúčové výsledky výkonnosti. 
610 2 0 |a Francúzsko 
610 2 0 |a pošty 
610 2 0 |a prevádzka poštová 
610 2 0 |a služby poštové 
610 2 0 |a Európske spoločenstvá 
610 2 0 |a modely 
610 2 0 |a benchmarking